000 00570nam a2200229Ia 4500
003 OSt
005 20221005121415.0
006 a|||||r|||| 00| 0
007 ta
008 221004b |||||||| |||| 00| 0 eng d
024 _a31907
037 _cTextual
040 _aCRL
_cCRL
_beng
041 _2eng
_aeng
082 _a8236:N68, K8
100 _aSharma R S
245 0 _aHaryana directory and who's who 1967-68.
260 _c1968
650 _aHARYANA - HISTORY
942 _h8236:N68, K8
_cTEXL
_2cc
999 _c1041082
_d1041082